000 00291nam a2200109 4500
999 _c11582
_d11582
003 OSt
008 230530b ||||| |||| 00| 0 eng d
100 _aJim Tolpin
245 _aThe new family home creating the prefect home for today and tomorrow
260 _aThe taunton press
942 _2ddc